Scotty Doesn’t Know - Lustra - Lyrics - Statistics

General Stats
  • This quiz has been taken 76 times
  • The average score is 232 of 280
Answer Stats
ANSWER % Correct
Do
100%
Scotty
100%
doesn't
98%
know
98%
a
96%
I
96%
in
96%
and
95%
And
95%
Fiona
95%
it
95%
me
95%
tell
95%
that
95%
That
95%
She
93%
she
93%
van
93%
every
91%
go
91%
my
91%
on
91%
she's
91%
Sunday
91%
but
89%
But
89%
church
89%
don't
89%
Don't
89%
he
89%
him
88%
tells
86%
her
84%
knees
84%
So
84%
so
84%
I'm
79%
not
79%
not?
79%
the
79%
The
79%
says
75%
stopping
73%
to
73%
Oh
71%
Still
70%
got
68%
out
68%
shopping
68%
It's
66%
moan
64%
phone
64%
trying
64%
behind
59%
under
59%
nothing
57%
thrusting
57%
can't
54%
he's
54%
you
54%
His
52%
his
52%
knows
52%
right
52%
trusting
52%
While
50%
believe
48%
birthday
48%
call
48%
'Cause
48%
'cause
48%
three-way
48%
when
46%
did
45%
Fiona's
39%
gonna
38%
Gonna
38%
will
38%
cool
36%
lot
36%
parkin'
36%
top
36%
why
36%
gotta
34%
show
34%
you're
34%
is
32%
Everyone
29%
We'll
29%
has
27%
put
27%
front
25%
lawn
23%
Life
23%
myself
23%
hard
21%
snow
21%
bad
11%
Scotty's
11%
No matching quizzes found
Score Distribution
Percent of People with Each Score
Percentile by Number Answered
Your Score History
You have not taken this quiz